Mulla The Sale of Goods Act & The Indian Partnership Act: (Record no. 182533)

MARC details
000 -LEADER
fixed length control field 00676nam a22001937a 4500
005 - DATE AND TIME OF LATEST TRANSACTION
control field 20220216120521.0
010 ## - LCCN (DPL NO)
LC control number ENG-130114
020 ## - INTERNATIONAL STANDARD BOOK NUMBER
International Standard Book Number 978-93-8651-593-3
Terms of availability 629.00
035 ## - SYSTEM CONTROL NUMBER
System control number EN-113646
037 ## - SOURCE OF ACQUISITION
Source of stock number/acquisition DBAD/PUB
082 ## - DEWEY DECIMAL CLASSIFICATION NUMBER
Classification number 346.54072
100 ## - MAIN ENTRY--PERSONAL NAME
Personal name Mulla, Dinshah Fardunji
245 ## - TITLE STATEMENT
Title Mulla The Sale of Goods Act & The Indian Partnership Act:
Statement of responsibility, etc Dinshah Fardunji Mulla, K. Kannan
250 ## - EDITION STATEMENT
Edition statement 11th
260 ## - PUBLICATION, DISTRIBUTION, ETC. (IMPRINT)
Place of publication, distribution, etc Gurgaon
Name of publisher, distributor, etc Lexis Nexis
Date of publication, distribution, etc 2019
270 ## - ADDRESS
Address 14th floor, Building No.10, Tower-B, DLF Cyber City, Phase-II
City Gurgaon
Postal code 122002
300 ## - PHYSICAL DESCRIPTION
Extent xlvii, 383p.
Dimensions 24cm (pbk)
Other physical details General Contents, Subject Index
942 ## - ADDED ENTRY ELEMENTS (KOHA)
Source of classification or shelving scheme Dewey Decimal Classification
Item type English Books
Classification part 346.54072
Call number suffix MUL
Holdings
Withdrawn status Lost status Not for loan Collection code Home library Current library Date acquired Source of acquisition Cost, normal purchase price Full call number Barcode Copy number Cost, replacement price Koha item type
      Non-fiction Ashok Vihar Ashok Vihar 18/11/2021 DBAD/PUB 629.00 346.54072 MUL EN-113646 1 629.00 English Books

© Delhi Public Library
Hit Counter
free hit counter